[Event "CRO-chT"]
[Site "Medulin"]
[Date "1997.??.??"]
[Round "?"]
[White "Kozul, Zdenko"]
[Black "Kurajica, Bojan"]
[Result "1/2-1/2"]
[WhiteElo "2590"]
[BlackElo "2545"]

1.d4 Nf6 2.c4 e6 3.Nf3 Bb4+ 4.Nbd2 d5 5.g3 dxc4 6.Bg2 c6 7.O-O b5 8.b3 c3
9.Nb1 O-O 10.Qc2 Qa5 11.a3 Bb7 12.Bg5 Nbd7 13.Bxf6 gxf6 14.Rc1 Rfc8 15.Nxc3 Bxa3
16.Nb1 b4 17.Nxa3 bxa3 18.b4 Qb6 19.Rxa3 a5 20.bxa5 Rxa5 21.Rxa5 Qxa5 22.Nd2 Ba6
23.Ne4 Qa3 24.Bf3 Rb8 25.g4 Qb2 26.Qxb2 Rxb2 27.e3 Rb6 28.Nc5 Nb8 29.Ra1 Kg7
30.Kg2 Bc4 31.Ra4 Ba6 32.Kg3 h6 33.Kf4 Bf1 34.Ra7 Bc4 35.Ne4 Bd5 36.Nd6 e5+
37.Kg3 Be6 38.Ne8+ Kf8 39.Nxf6 exd4 40.exd4 Rb4 41.Ra8 Kg7 42.Ne8+ Kf8 43.Nd6 Ke7
44.Nf5+ Bxf5 45.gxf5 Kf6 46.Bxc6 Nxc6 47.Ra6 Rxd4 48.Rxc6+ Kg5 49.h3  1/2-1/2

[Event "CRO-chT"]
[Site "Medulin"]
[Date "1997.??.??"]
[Round "?"]
[White "Kozul, Zdenko"]
[Black "Dizdar, Goran"]
[Result "1/2-1/2"]
[WhiteElo "2590"]
[BlackElo "2550"]

1.d4 Nf6 2.c4 e6 3.Nf3 Bb4+ 4.Nbd2 O-O 5.a3 Be7 6.Qc2 d5 7.g3 b6 8.Bg2 c5
9.dxc5 bxc5 10.O-O Bb7 11.cxd5 exd5 12.Rd1 Nbd7 13.Nh4 Re8 14.Nf5 Bf8 15.Nc4  1/2-1/2

[Event "CRO-chT"]
[Site "Medulin"]
[Date "1997.??.??"]
[Round "?"]
[White "Zaja, Ivan"]
[Black "Franic, Milan"]
[Result "1-0"]
[WhiteElo "2440"]
[BlackElo "2410"]

1.d4 Nf6 2.c4 e6 3.Nf3 Bb4+ 4.Nbd2 d5 5.a3 Be7 6.Qc2 a5 7.e3 O-O 8.Bd3 b6
9.e4 h6 10.cxd5 exd5 11.e5 Ne8 12.Nf1 c5 13.Ne3 Nc6 14.Qe2 c4 15.Bb1 f5 16.Nxc4 Qc7
17.Bd3 dxc4 18.Bxc4+ Kh7 19.d5 Na7 20.O-O b5 21.Ba2 Ba6 22.Bf4 Qb6 23.d6 Nxd6
24.exd6 Bxd6 25.Ng5+ Kh8 26.Bxd6 Qxd6 27.Nf7+ Rxf7 28.Bxf7 b4 29.Bc4 Bb7
30.Rfd1 Qg6 31.Bd5 Re8 32.Qc4 Bxd5 33.Qxd5 bxa3 34.Rxa3 Nc6 35.Qc5 Kh7 36.Rg3 Qf6
37.Re3 Rb8 38.Rd6 Qxb2 39.Qxf5+ Kh8 40.Rde6  1-0

[Event "Metz op"]
[Site "Metz"]
[Date "1997.??.??"]
[Round "3"]
[White "Spraggett, Kevin"]
[Black "Berend, Fred"]
[Result "1-0"]
[WhiteElo "2580"]
[BlackElo "2400"]

1.d4 Nf6 2.Nf3 e6 3.c4 Bb4+ 4.Nbd2 d5 5.Qa4+ Nc6 6.a3 Bxd2+ 7.Bxd2 O-O 8.Rd1 Ne4
9.e3 Bd7 10.Qc2 f5 11.Be2 Be8 12.O-O Bh5 13.Bc1 a5 14.b3 Ne7 15.Bb2 Qe8 16.Ne5 Bxe2
17.Qxe2 Ng6 18.f3 Nd6 19.a4 dxc4 20.Nxc4 Nxc4 21.Qxc4 c6 22.Ba3 Rf7 23.Bc5 Nf8
24.e4 Nd7 25.Bd6 Nf6 26.Rfe1 Qd7 27.Bc5 g6 28.exf5 exf5 29.Re7 Qd5 30.Rde1 Raf8
31.Bb6 Ra8 32.Bc5 Raf8 33.h3 h5 34.Bb6 Ra8 35.Bc5 Raf8 36.h4 Rxe7 37.Rxe7 Rf7
38.Re6 Kh7 39.Kf1 Qd7 40.Rd6 Qc7 41.Qe6 Kg7 42.d5 cxd5 43.Bd4 Qc1+ 44.Qe1 Qc7
45.Qe5 Qc1+ 46.Kf2 Qd2+ 47.Kg1 Qc1+ 48.Kh2 Qc7 49.f4  1-0

[Event "Minsk op"]
[Site "Minsk"]
[Date "1997.??.??"]
[Round "9"]
[White "Notkin, Maksim"]
[Black "Chernuschevich, Alexei"]
[Result "1/2-1/2"]
[WhiteElo "2515"]
[BlackElo "2425"]

1.d4 Nf6 2.c4 e6 3.Nf3 Bb4+ 4.Nbd2 b6 5.a3 Bxd2+ 6.Bxd2 Bb7 7.Bg5 h6 8.Bh4 d6
9.e3 Nbd7 10.Qc2 Qe7 11.Rd1 g5 12.Bg3 Ne4 13.d5 Ndf6 14.Bd3 Nc5 15.Be2 exd5
16.cxd5 O-O 17.h4 Nce4 18.hxg5 hxg5 19.Nd4 Nxg3 20.fxg3 Qe5 21.Qf5 Qxf5 22.Nxf5 Bc8  1/2-1/2

[Event "Pripis mem"]
[Site "Moscow"]
[Date "1997.??.??"]
[Round "3"]
[White "Panus, Victor"]
[Black "Seferjan, Narek"]
[Result "1/2-1/2"]
[WhiteElo "2170"]
[BlackElo "2275"]

1.d4 e6 2.c4 Nf6 3.Nf3 Bb4+ 4.Nbd2 d5 5.a3 Be7 6.Qc2 Nbd7 7.e3 O-O 8.Bd3 c5
9.O-O Qc7 10.cxd5 exd5 11.dxc5 Qxc5 12.Qb1 Qc7 13.b4 Ne5 14.Bb2 Nxd3 15.Qxd3 Qd7
16.Nd4 Qg4 17.Rac1 Qg6 18.Qxg6 hxg6 19.N2b3 Ne4 20.Nb5 Rd8 21.Rfd1 Bf6 22.Bd4 Bd7  1/2-1/2

[Event "Moscow-1"]
[Site "Moscow"]
[Date "1997.??.??"]
[Round "6"]
[White "Murzin, Lenar"]
[Black "Zhidkov, Valery S"]
[Result "0-1"]
[WhiteElo "2320"]
[BlackElo "2335"]

1.d4 Nf6 2.c4 e6 3.Nf3 Bb4+ 4.Nbd2 b6 5.a3 Bxd2+ 6.Bxd2 Bb7 7.Bg5 d6 8.e3 Nbd7
9.Bd3 h6 10.Bh4 g5 11.Bg3 h5 12.h3 Ne4 13.Bxe4 Bxe4 14.Rc1 Qf6 15.b4 h4 16.Bh2 g4
17.hxg4 h3 18.O-O hxg2 19.Kxg2 Ke7 20.Qe2 Qg6 21.Bg3 Qxg4 22.c5 bxc5 23.dxc5 Ne5
24.cxd6+ cxd6 25.Rc7+ Kf6  0-1

[Event "JUG-chT (Women)"]
[Site "Niksic"]
[Date "1997.??.??"]
[Round "2"]
[White "Stoisavljevic, Sava"]
[Black "Vuksanovic, Sanja"]
[Result "1/2-1/2"]
[WhiteElo "2100"]
[BlackElo "2285"]

1.d4 e6 2.c4 Nf6 3.Nf3 Bb4+ 4.Nbd2 b6 5.a3 Bxd2+ 6.Bxd2 Bb7 7.Bf4 O-O 8.e3 d6
9.Be2 Nbd7 10.O-O Ne4 11.h3 Qe7 12.Rc1 a5 13.Qc2 f5 14.b4 axb4 15.axb4 Rfc8
16.Bh2 Qf6 17.Rfd1 Bc6 18.Ra1 Ng5 19.Nxg5 Qxg5 20.Bf1 Bf3 21.Rdc1 Nf6  1/2-1/2

[Event "JUG-ch52"]
[Site "Niksic"]
[Date "1997.??.??"]
[Round "14"]
[White "Petronic, Jovan"]
[Black "Damljanovic, Branko"]
[Result "0-1"]
[WhiteElo "2455"]
[BlackElo "2540"]

1.d4 Nf6 2.c4 e6 3.Nf3 Bb4+ 4.Nbd2 b6 5.e3 Bb7 6.a3 Bxd2+ 7.Qxd2 O-O 8.Be2 d6
9.O-O Nbd7 10.b4 Ne4 11.Qc2 f5 12.Ne1 c5 13.f3 Nef6 14.Bb2 Qe7 15.Nd3 Rac8
16.dxc5 bxc5 17.b5 e5 18.Nf2 Ne8 19.Rae1 Qg5 20.g3 Qg6 21.f4 Nef6 22.Qd1 Ne4
23.Nxe4 Bxe4 24.Bf3 Bxf3 25.Qxf3 e4 26.Qe2 Nb6 27.Rc1 Rfd8 28.Rfd1 h5 29.Bc3 Qg4
30.Qxg4 hxg4 31.Ba5 Kf7 32.Kg2 Ke6 33.Bxb6 axb6 34.h3 gxh3+ 35.Kxh3 Ra8 36.Rc3 Rh8+
37.Kg2 Ra4 38.g4 g6 39.Rg1 Raa8 40.gxf5+ gxf5 41.Kf1 Rag8 42.Rxg8 Rxg8 43.a4 Ra8
44.Ra3 d5 45.Ke2 Kd6 46.Kd2 d4 47.Ra1 Kc7 48.Ra3 d3 49.Ra1 Rh8 50.Rg1 Rh2+
51.Kc3 Rc2+ 52.Kb3 Re2 53.Rg7+ Kc8 54.Rg8+ Kd7 55.Rg7+ Ke6 56.a5 bxa5 57.b6 a4+
58.Kxa4 d2 59.Rg6+ Kd7 60.Rg7+ Ke8 61.Rg8+ Kd7 62.Rg7+ Kc8 63.Rc7+ Kd8 64.Kb5 d1=Q
65.Ra7 Qd6  0-1

[Event "NOR-chT"]
[Site "NOR"]
[Date "1997.??.??"]
[Round "1"]
[White "Elsness, Frode"]
[Black "Royset, Paal"]
[Result "1-0"]
[WhiteElo "2330"]
[BlackElo "2240"]

1.d4 Nf6 2.c4 e6 3.Nf3 Bb4+ 4.Nbd2 O-O 5.a3 Bxd2+ 6.Qxd2 a5 7.b3 d6 8.e3 Nbd7
9.Be2 Ne4 10.Qc2 f5 11.O-O Ndf6 12.Ne1 Bd7 13.f3 Ng5 14.e4 Ne8 15.exf5 exf5
16.Nd3 Ne6 17.Qc3 Qh4 18.Bb2 f4 19.d5 Ng5 20.Qe1 Qh6 21.Kh1 Nf7 22.Qd2 Nh8
23.Nf2 Nf6 24.g4 fxg3 25.Qxh6 g2+ 26.Kxg2 gxh6 27.Ng4 Nxg4 28.fxg4 Ng6 29.Kg3 Rfe8
30.Bd3 Re3+ 31.Rf3 Rae8 32.Rf1 Rxf3+ 33.Rxf3 Ne5 34.Bxe5 Rxe5 35.Bxh7+ Kg7
36.Bd3 b6 37.h3 Re1 38.a4 Be8 39.Kf2 Re7 40.Re3 Rf7+ 41.Kg3 Bd7 42.Kh4 c6
43.dxc6 Bxc6 44.Kg3 d5 45.Re6 Rf6 46.Rxf6 Kxf6 47.Kf4 dxc4 48.Bxc4 Be8 49.h4 Bg6
50.g5+ hxg5+ 51.hxg5+ Ke7 52.Ke5 Bc2 53.Bd5 Bg6 54.Be4 Be8 55.Bd3 Bf7 56.Bc4 Bg6
57.Kd5 Be8 58.g6 Kf6 59.Kd6 Kxg6 60.Kc7  1-0

[Event "CZE-ch (Women)"]
[Site "Ostrava"]
[Date "1997.??.??"]
[Round "5"]
[White "Saljova, Silvie"]
[Black "Ptacnikova, Lenka"]
[Result "1/2-1/2"]
[WhiteElo "2205"]
[BlackElo "2270"]

1.d4 Nf6 2.Nf3 e6 3.c4 Bb4+ 4.Nbd2 d5 5.Qc2 a5 6.a3 Be7 7.b3 O-O 8.e4 c5
9.cxd5 exd5 10.e5 Nfd7 11.Bd3 h6 12.Bb2 Nc6 13.dxc5 Nxc5 14.O-O Nxd3 15.Qxd3 Be6
16.Rfe1 Qb6 17.h3 Bc5 18.Re2 Rac8 19.Rd1 Rfd8 20.Nb1 g6 21.g4 Qc7 22.Nd4  1/2-1/2

[Event "CZE-ch (Women)"]
[Site "Ostrava"]
[Date "1997.??.??"]
[Round "8"]
[White "Saljova, Silvie"]
[Black "Stankova, Zuzana"]
[Result "1-0"]
[WhiteElo "2205"]
[BlackElo "2080"]

1.d4 Nf6 2.Nf3 e6 3.c4 Bb4+ 4.Nbd2 O-O 5.Qc2 Nc6 6.a3 Be7 7.e4 d6 8.e5 Nd7
9.exd6 Bxd6 10.Ne4 Nf6 11.Bg5 Be7 12.O-O-O Nxe4 13.Bxe7 Nxe7 14.Qxe4 Rb8
15.Bd3 f5 16.Qe3 b5 17.cxb5 c6 18.Bc4 Nd5 19.Qe5 Qb6 20.Qd6 cxb5 21.Qxb6 Rxb6
22.Bxd5 exd5 23.b4 a5 24.Kb2 axb4 25.axb4 f4 26.Rc1 g5 27.Rc5 g4 28.Ne5 h5
29.Ra1 Be6 30.Ra7 g3 31.Rcc7 Rf6 32.hxg3 fxg3 33.Rg7+ Kf8 34.Ng6+ Rxg6 35.Rxg6 gxf2
36.Rf6+ Ke8 37.Rxf2 Rb8 38.Rh7 Rc8 39.Re2 Rc6 40.Re5 Kf8 41.Rhxh5 Bf7 42.Rh8+ Bg8
43.Rg5  1-0

[Event "ESP-chT"]
[Site "Ponferrada"]
[Date "1997.??.??"]
[Round "1"]
[White "Rodriguez Vargas, Orestes"]
[Black "Oms Pallise, Josep"]
[Result "1-0"]
[WhiteElo "2425"]
[BlackElo "2445"]

1.d4 Nf6 2.c4 e6 3.Nf3 Bb4+ 4.Nbd2 b6 5.e3 Bb7 6.Bd3 c5 7.O-O O-O 8.a3 Bxd2
9.Nxd2 cxd4 10.exd4 d5 11.c5 bxc5 12.dxc5 a5 13.Nf3 Qc7 14.Bg5 Qxc5 15.Bxf6 gxf6
16.Rc1 Qd6 17.Nd4 f5 18.Qh5 Qe5 19.Nxf5 exf5 20.Bxf5 Qg7 21.Rc7 Bc6 22.Rc1 Ra6
23.Rc3 Re8 24.h4 Ba4 25.Rg3 Rg6 26.Bxg6 hxg6 27.Qxd5 Re1+ 28.Kh2 Qf6 29.Rxf7 Qxf7
30.Rxg6+ Kf8 31.Qd6+ Qe7 32.Qf4+ Ke8 33.Qxb8+ Kd7 34.Qa7+ Ke8 35.Qa8+ Kd7
36.Qd5+ Kc8 37.Qc4+ Qc7+ 38.Qxc7+ Kxc7 39.Ra6 Re2 40.Rxa5 Bc6 41.Rf5 Rxb2
42.h5 Ra2 43.g4 Rxa3 44.h6 Be4 45.Re5 Bb1 46.Re1 Bg6 47.h7 Ra8 48.Re7+  1-0

[Event "ESP-chT"]
[Site "Ponferrada"]
[Date "1997.??.??"]
[Round "6"]
[White "Rodriguez Vargas, Orestes"]
[Black "Sanz Alonso, Francisco Javier"]
[Result "1-0"]
[WhiteElo "2425"]
[BlackElo "2425"]

1.d4 Nf6 2.c4 e6 3.Nf3 Bb4+ 4.Nbd2 O-O 5.a3 Bxd2+ 6.Qxd2 b6 7.g3 Bb7 8.Bg2 Ne4
9.Qe3 d5 10.b3 a5 11.Ne5 Nd7 12.Bb2 f5 13.Rd1 Nxe5 14.dxe5 Qe8 15.O-O dxc4
16.bxc4 Qa4 17.Bd4 Rfd8 18.Rd3 Ba6 19.Ba1 Bxc4 20.Bxe4 fxe4 21.Qxe4 Qb5 22.Rc3 Bd5
23.Qg4 Qd7 24.Rfc1 Rac8 25.Qh4 Rf8 26.Rd3 Qd8 27.Qg4 Qe7 28.e4 Bb7 29.Rcd1 Bc6
30.Rc1 Bb5 31.Rb3 Ba4 32.Rbc3 Rfd8 33.f4 Rd2 34.f5 c5 35.Rf1 Rf8 36.f6 Qd7
37.Qf4 Qd4+ 38.Kh1 Bc6 39.Re3 Qd7 40.Qg5 g6 41.h4 Rd1 42.Ree1 Rxe1 43.Rxe1 Qd4  1-0

[Event "TESCO op 4"]
[Site "Prievidza"]
[Date "1997.??.??"]
[Round "8"]
[White "Ftacnik, Lubomir"]
[Black "Hracek, Zbynek"]
[Result "1/2-1/2"]
[WhiteElo "2585"]
[BlackElo "2605"]

1.d4 Nf6 2.Nf3 e6 3.c4 Bb4+ 4.Nbd2 d5 5.Qa4+ Nc6 6.a3 Bxd2+ 7.Bxd2 Ne4 8.e3 O-O
9.Qc2 e5 10.cxd5 Nxd2 11.dxc6 Nxf3+ 12.gxf3 exd4 13.O-O-O Qf6 14.Rxd4 Qxf3
15.Rg1 Bf5 16.Qc3 Bg6 17.cxb7 Rab8 18.Ba6 Qf6 19.Ra4 Qxf2 20.Rf1 Qxh2 21.Rc4 Qd6
22.Rc6 Qd5 23.Rxc7 Qa2 24.Rc8 Qb1+ 25.Kd2 Rd8+ 26.Qd4 Qxb2+ 27.Ke1 Qb1+ 28.Kf2 Qf5+
29.Qf4 Qxf4+ 30.exf4 Bf5 31.Rxd8+ Rxd8 32.Rc1 Kf8 33.Rc8 Bxc8 34.bxc8=Q Rxc8
35.Bxc8 Ke7 36.Ke3 Kd6 37.Kd4 h5 38.Bh3 g6 39.Bf1 f6 40.Be2 h4 41.Bg4 Kc6
42.Be6 Kd6 43.Bg4 Kc6 44.Bf3+ Kd6 45.Be4 g5 46.fxg5 fxg5 47.Bf5 Kc6 48.Kc4 Kd6
49.Kd4 Kc6 50.Bg4 Kd6 51.Ke4 Kc5 52.Kf5 Kc4 53.Kxg5 Kb3  1/2-1/2

[Event "CRO-Cup"]
[Site "Pula"]
[Date "1997.??.??"]
[Round "?"]
[White "Kozul, Zdenko"]
[Black "Kurajica, Bojan"]
[Result "1/2-1/2"]
[WhiteElo "2590"]
[BlackElo "2545"]

1.d4 Nf6 2.c4 e6 3.Nf3 Bb4+ 4.Nbd2 d5 5.g3 O-O 6.Bg2 b6 7.O-O Bb7 8.Ne5 Qc8
9.Ndf3 Bd6 10.Be3 dxc4 11.Nxc4 Bd5 12.Qc2 Qa6 13.Rfc1 Be4 14.Qd1 Nd5 15.Bd2 Qb7
16.Be1 Nf6 17.Bf1 Bd5 18.Nfd2 Nc6 19.Nxd6 cxd6 20.f3 Nxd4 21.e4 Bc6 22.Bf2 e5
23.Bxd4 exd4 24.Nb3 Ba4 25.Qxd4 Bxb3 26.axb3 Rfd8 27.Rc3 d5 28.e5 Nd7 29.Ba6 Qb8
30.f4 Nc5 31.b4 Nxa6 32.Rxa6 Qb7 33.Ra1 Rac8 34.Rac1 Rxc3 35.bxc3 Rc8 36.Rd1 g6
37.Qxd5 Qxd5 38.Rxd5 Rxc3 39.Rd8+ Kg7 40.Rd7 Kf8 41.Kg2 Rb3 42.Kh3 Rxb4 43.Rxa7 Rb2
44.Rb7 h6 45.Rb8+  1/2-1/2

[Event "EU-chT (Men)"]
[Site "Pula"]
[Date "1997.??.??"]
[Round "3"]
[White "Yrjola, Jouni"]
[Black "Bogdanovski, Vlatko"]
[Result "1/2-1/2"]
[WhiteElo "2435"]
[BlackElo "2495"]

1.d4 Nf6 2.c4 e6 3.Nf3 Bb4+ 4.Nbd2 b6 5.e3 Bb7 6.Bd3 c5 7.a3 Bxd2+ 8.Bxd2 O-O
9.Bc3 d6 10.O-O Nbd7 11.b4 Rc8 12.Bb2 Qe7 13.Nd2 Rfd8 14.Qb3 Rc7 15.Rfd1 Rb8
16.Bf1 e5 17.dxe5 Nxe5 18.Rac1 Qe6 19.f3 Nh5 20.e4 Rf8 21.Qe3 Re7 22.Qg5 g6
23.Re1 f6 24.Qh4 Qf7 25.f4 Nd7 26.Bd3 Rfe8 27.Rcd1 Ng7 28.Rf1 f5  1/2-1/2

[Event "EU-chT (Men)"]
[Site "Pula"]
[Date "1997.??.??"]
[Round "6"]
[White "Yakovich, Yuri"]
[Black "Dizdar, Goran"]
[Result "1-0"]
[WhiteElo "2575"]
[BlackElo "2550"]

1.d4 Nf6 2.c4 e6 3.Nf3 Bb4+ 4.Nbd2 O-O 5.a3 Be7 6.e4 d5 7.Bd3 c5 8.dxc5 a5
9.O-O Nbd7 10.cxd5 Nxc5 11.Bc2 exd5 12.e5 Nfe4 13.Nb3 Bg4 14.Be3 Ne6 15.Qd3 a4
16.Nbd4 N6c5 17.Qb5 Ra6 18.Rab1 Ra5 19.Qe2 Qc8 20.Rfc1 Qd7 21.Qe1 Ra6 22.Nd2 f6
23.exf6 Raxf6 24.f3 Nxd2 25.Qxd2 Bh5 26.Bg5 Ra6 27.Bxe7 Qxe7 28.Re1 Qf6 29.Re3 Raa8
30.Rbe1 Rfe8 31.Nf5 Rxe3 32.Rxe3 Rd8 33.Re7 Bf7 34.Qd4 Qxd4+ 35.Nxd4 g6 36.Rc7 b6
37.Kf2 Kf8 38.Ke3 Rd6 39.Ra7 Kg7 40.Bxa4 Kf6 41.b4 Ne6 42.Rd7 Rxd7 43.Bxd7 Nf8
44.Bc6 Ke5 45.f4+ Kd6 46.Ba4 h6 47.g3 Nh7 48.Nb5+ Ke7 49.Kd4 Nf8 50.Bb3  1-0

[Event "EU-chT (Men)"]
[Site "Pula"]
[Date "1997.??.??"]
[Round "9"]
[White "Anastasian, Ashot"]
[Black "Hulak, Krunoslav"]
[Result "1-0"]
[WhiteElo "2575"]
[BlackElo "2525"]

1.d4 Nf6 2.Nf3 e6 3.c4 Bb4+ 4.Nbd2 O-O 5.e3 d5 6.a3 Be7 7.b4 a5 8.b5 c5 9.bxc6 bxc6
10.c5 Nfd7 11.Bb2 Qc7 12.Qc2 Ba6 13.Bxa6 Nxa6 14.O-O a4 15.e4 Qc8 16.Rfe1 Bf6
17.h4 Qd8 18.g3 Nc7 19.Kg2 Nb5 20.e5 Be7 21.Nb1 Qa5 22.Nc3 Rfb8 23.Ne2 Nc7
24.Bc3 Qa6 25.Bb4 Qc8 26.Nf4 Nf8 27.Nd3 Bd8 28.Reb1 Nb5 29.Bd2 Rb7 30.Rb4 Rba7
31.Be3 Nd7 32.Ng5 Nf8 33.Nf3 Nd7 34.Nf4 Bc7 35.Nh5 Qe8 36.Ng5 Nf8 37.Qe2 Bd8
38.Qg4 g6 39.Nf3 Kh8 40.Nf6 Bxf6 41.exf6 Nd7 42.Bf4 Qd8 43.Be5 Kg8 44.Qf4 h5
45.g4 hxg4 46.Ng5 Nxe5 47.dxe5 Qf8 48.h5 gxh5 49.Rh1 Qh6 50.Qxg4  1-0

[Event "BRA-ch playoff"]
[Site "Rio de Janeiro"]
[Date "1997.??.??"]
[Round "1"]
[White "Vescovi, Giovanni"]
[Black "Lima, Darcy"]
[Result "1/2-1/2"]
[WhiteElo "2490"]
[BlackElo "2420"]

1.c4 Nf6 2.Nf3 e6 3.d4 Bb4+ 4.Nbd2 d5 5.a3 Be7 6.g3 O-O 7.Bg2 b6 8.O-O Bb7
9.cxd5 exd5 10.b4 Nbd7 11.Bb2 c5 12.dxc5 bxc5 13.bxc5 Nxc5 14.Nd4 Qd7 15.Rb1 Nfe4
16.N4b3 Rfd8 17.Nxc5 Bxc5 18.Nxe4 dxe4 19.Qb3 Bd5 20.Qc3 Bf8 21.Rfd1 Qe6
22.Qe3 a5  1/2-1/2

[Event "Olicio Gadia mem"]
[Site "Rio de Janeiro"]
[Date "1997.??.??"]
[Round "5"]
[White "Rios Filho, Hilton Carlos"]
[Black "Lebredo, Gerardo"]
[Result "0-1"]
[WhiteElo "2340"]
[BlackElo "2320"]

1.d4 Nf6 2.c4 e6 3.Nf3 Bb4+ 4.Nbd2 b6 5.e3 Bb7 6.Bd3 c5 7.O-O O-O 8.b3 cxd4
9.exd4 d5 10.Bb2 Nc6 11.Qe2 Rc8 12.Rac1 Re8 13.Rfd1 Bd6 14.Ne5 Nb4 15.Bb1 Qe7
16.Rc3 Red8 17.Rh3 g6 18.f4 dxc4 19.bxc4 Ba6 20.Re1 Nc6 21.Kh1 Bb4 22.a3 Ba5
23.d5 exd5 24.Nxc6 Qxe2 25.Rxe2 Rxc6 26.Nf3 dxc4 27.Bc2 c3  0-1

[Event "Saint Affrique op"]
[Site "Saint Affrique"]
[Date "1997.??.??"]
[Round "5"]
[White "Miralles, Gilles"]
[Black "Ikonnikov, Vyacheslav"]
[Result "0-1"]
[WhiteElo "2485"]
[BlackElo "2540"]

1.d4 Nf6 2.c4 e6 3.Nf3 Bb4+ 4.Nbd2 b6 5.a3 Bxd2+ 6.Bxd2 Bb7 7.Bg5 d6 8.Qa4+ Nbd7
9.Bxf6 Qxf6 10.Rd1 Qe7 11.c5 bxc5 12.dxc5 O-O 13.b4 a5 14.cxd6 cxd6 15.b5 Rfc8
16.e3 Bxf3 17.gxf3 d5 18.Rb1 Nb6 19.Qb3 Rc7 20.Be2 Rac8 21.O-O Rc3 22.Qd1 Qxa3
23.Qd4 Qc5 24.Qxc5 R8xc5 25.Ra1 a4 26.Rfb1 a3 27.Kf1 Kf8 28.Ke1 Ke7 29.Ra2 Nc4
30.b6 Rc8 31.Bxc4 dxc4 32.Kd2 Rd3+ 33.Ke2 Rb8 34.Rb4 Rb3 35.Ra4 R8xb6 36.R4xa3 Rxa3
37.Rxa3 Rb5 38.Ra7+ Kf6 39.Rc7 Rh5 40.Kd2 Rxh2 41.Ke2 g5 42.Rxc4 Rh1 43.Rc8 Kg7
44.Rc5 f6 45.Rc6 e5 46.f4 exf4 47.exf4 g4 48.f5 h5 49.f4 h4 50.Rc7+ Kf8 51.Rh7 g3
52.Kf3 Rh2 53.Rh6 Ke7 54.Rg6 Kf7 55.Rg4 Kf8 56.Rg6 Ke7 57.Rg7+ Kd6 58.Rg6 Kd5
59.Rg8 g2 60.Rxg2 Rxg2 61.Kxg2 Ke4 62.Kh3 Kxf5  0-1

[Event "POL-ch"]
[Site "Sopot"]
[Date "1997.??.??"]
[Round "3"]
[White "Grabarczyk, Miroslaw"]
[Black "Murdzia, Piotr"]
[Result "1/2-1/2"]
[WhiteElo "2480"]
[BlackElo "2425"]

1.d4 Nf6 2.c4 e6 3.Nf3 Bb4+ 4.Nbd2 O-O 5.a3 Bxd2+ 6.Bxd2 b6 7.Bg5 Bb7 8.e3 d6
9.Qc2 Nbd7 10.Rd1 h6 11.Bh4 Qe7 12.Bd3 c5 13.dxc5 Nxc5 14.Be2 d5 15.O-O Rac8
16.Nd2 dxc4 17.Nxc4 Bd5 18.Nd2 g5 19.Bg3 Qb7 20.Bf3 Nce4 21.Qd3 Nxd2 22.Bxd5 Qxd5
23.Qxd5 Nxd5 24.Rxd2 Rc4 25.Rfd1 Rfc8 26.Kf1 Kg7 27.Ke2 Kf6 28.f3 h5 29.Bf2 Rc2
30.g3 e5 31.e4 Ne7 32.Rxc2 Rxc2+ 33.Rd2 Rxd2+ 34.Kxd2 Ke6 35.h3 Ng6 36.Kd3 Kd6
37.a4 Kc6 38.b4 a6 39.Be3 f6 40.Kc4  1/2-1/2

[Event "POL-ch"]
[Site "Sopot"]
[Date "1997.??.??"]
[Round "4"]
[White "Sapis, Witalis"]
[Black "Grabarczyk, Miroslaw"]
[Result "1/2-1/2"]
[WhiteElo "2430"]
[BlackElo "2480"]

1.d4 Nf6 2.c4 e6 3.Nf3 Bb4+ 4.Nbd2 d5 5.Qa4+ Nc6 6.a3 Bxd2+ 7.Bxd2 Ne4 8.Rd1 O-O
9.Bc1 Bd7 10.Qc2 a5 11.g3 Nd6 12.c5 Ne8  1/2-1/2

[Event "White Nights op"]
[Site "St Petersburg"]
[Date "1997.??.??"]
[Round "?"]
[White "Nepomnishay, Mikhail I"]
[Black "Stotika, V."]
[Result "1/2-1/2"]
[WhiteElo "2465"]
[BlackElo "2255"]

1.d4 Nf6 2.c4 e6 3.Nf3 Bb4+ 4.Nbd2 b6 5.a3 Bxd2+ 6.Qxd2 Bb7 7.e3 Ne4 8.Qc2 O-O
9.Be2 d6 10.O-O Nd7 11.b4 c5 12.Bb2 f5 13.Rad1 Qe7 14.Ne1 e5 15.Nd3 Rae8
16.dxc5 bxc5 17.f3 Ng5 18.bxc5 dxc5 19.Nf2 Bc6 20.a4 Ne6 21.Rfe1 Nc7 22.a5 Rf6
23.Rd2 Ref8 24.e4 f4 25.Ng4 Re6 26.Qc3 Re8 27.Red1 h5 28.Rxd7 Bxd7 29.Nxe5 Ba4
30.Ra1 Bc6 31.Nd3 Rf8 32.Rd1 Qg5 33.Nf2 Rg6 34.Bf1 Ne6 35.Nh3 Qe7 36.Qe5 Qc7
37.Qxh5 Rh6 38.Qg4 Nd4 39.Nf2 Qd6 40.Bxd4 cxd4 41.Nd3 Qf6 42.e5 Qe7 43.Nxf4 Qxe5
44.Nd5 Bxd5 45.cxd5 Qxh2+ 46.Kf2 Rb8 47.Qxd4 Rh4 48.Qe3 Rh6 49.Qd4 Qd6 50.Bd3 Rh5
51.Re1 Rg5 52.Kg1 Qg3 53.Qf2 Qxf2+ 54.Kxf2 Rb2+ 55.Ke3 Kf8 56.Bc4 Rgxg2 57.Rc1 Rb7  1/2-1/2

[Event "Piatka op"]
[Site "Swidnica"]
[Date "1997.??.??"]
[Round "?"]
[White "Nenashev, Alexander"]
[Black "Shestoperov, Aleksej"]
[Result "1-0"]
[WhiteElo "2585"]
[BlackElo "2415"]

1.d4 Nf6 2.c4 e6 3.Nf3 Bb4+ 4.Nbd2 b6 5.e3 Bb7 6.Bd3 O-O 7.O-O d5 8.a3 Bd6
9.b4 c5 10.bxc5 bxc5 11.cxd5 exd5 12.dxc5 Bxc5 13.Rb1 Bb6 14.a4 Ba6 15.Nb3 Bxd3
16.Qxd3 Nbd7 17.Ba3 Re8 18.Rfc1 Ne5 19.Nxe5 Rxe5 20.a5 Bc7 21.Nd4 Rh5 22.h3 Bd6
23.Nc6 Qd7 24.Bxd6 Qxd6 25.Nxa7 d4 26.Nc6 Rc5 27.Rxc5 Qxc5 28.Qa6 Qf8 29.Qb7 dxe3
30.fxe3 Re8 31.a6 Qa3 32.a7 Qxe3+ 33.Kh1 Ne4 34.Qb8 Nf2+ 35.Kh2 Ng4+ 36.hxg4 Qh6+
37.Kg1 Qe3+ 38.Kh1 Qh6+ 39.Qh2 Qxc6 40.Qf4  1-0

[Event "EU-ch U16"]
[Site "Tallinn"]
[Date "1997.??.??"]
[Round "7"]
[White "Vavrak, Peter"]
[Black "Vink, Nico"]
[Result "0-1"]
[WhiteElo "2245"]
[BlackElo "2190"]

1.d4 Nf6 2.Nf3 e6 3.c4 Bb4+ 4.Nbd2 O-O 5.e3 Qe7 6.Be2 d6 7.O-O Bxd2 8.Nxd2 e5
9.Nb1 Bf5 10.Nc3 Nbd7 11.f3 exd4 12.Qxd4 Qe5 13.Qd2 Be6 14.b3 Qc5 15.Bb2 a6
16.Kh1 Rfb8 17.Rac1 Qb4 18.Rfd1 b5 19.Nd5 Qxd2 20.Rxd2 Ne8 21.Kg1 b4 22.Kf2 a5
23.Ke1 c5 24.Kd1 a4 25.Rb1 Rb7 26.Kc2 Nb8 27.f4 Nc6 28.Bf3 Ra6 29.Re1 Rba7
30.g4 Na5 31.h4 Bd7 32.Bc1 Kf8 33.h5 Nc6 34.Bb2 Na5 35.Bc1 Nc6 36.Bb2 axb3+
37.axb3 Ra2 38.Rdd1 Ne7 39.Nxe7 Kxe7 40.Be2 h6 41.g5 Nc7 42.Kc1 Ne6 43.gxh6 gxh6
44.Rg1 Bc6 45.Rg8 Be4 46.Rdg1 d5 47.cxd5 Bxd5 48.Bc4 Bxc4 49.bxc4 Nd8 50.Rd1 Nb7
51.Be5 Ra8 52.Rxa8 Rxa8 53.Kb2 f6 54.Rg1 Na5 55.Rg7+ Ke6 56.Rg6 Nxc4+ 57.Kb3 Nxe5
58.fxe5 Kxe5 59.Rxh6 Ra3+ 60.Kb2 Rxe3 61.Rh8 Rh3 62.h6 Kf5 63.h7 c4 64.Kc2 Rh2+
65.Kc1 c3 66.Rb8 Rxh7 67.Rxb4 Rc7 68.Kc2 Kg5 69.Rb8 f5 70.Rg8+ Kf4 71.Rf8 Ke4
72.Re8+ Kf3 73.Rf8 f4 74.Rg8 Ke2 75.Re8+ Kf2 76.Rf8 f3 77.Rg8 Ke1 78.Re8+ Kf1
79.Rf8 f2 80.Rg8 Rc4 81.Rg7 Ke2  0-1

[Event "Torneo Mayor op"]
[Site "Torneo"]
[Date "1997.??.??"]
[Round "?"]
[White "Peralta, Eduardo"]
[Black "Valiente, Cristobal"]
[Result "1/2-1/2"]
[WhiteElo "2340"]
[BlackElo "2390"]

1.d4 Nf6 2.Nf3 e6 3.c4 Bb4+ 4.Nbd2 O-O 5.a3 Bxd2+ 6.Bxd2 b6 7.g3 Bb7 8.Bg2 d6
9.O-O Nbd7 10.b4 Qe7 11.Bc3 Ne4 12.Bb2 f5 13.Qc2 Ndf6 14.a4 a5 15.b5 c6 16.bxc6 Bxc6
17.d5 exd5 18.Nd4 Bd7 19.cxd5 Nxd5 20.Qc4 Qf7 21.Nxf5 Bxf5 22.Bxe4 Bxe4 23.Qxe4 Rae8
24.Qd3 Nb4 25.Qd2 Re6 26.f3 h5 27.Rf2 Rg6 28.Kf1 Rc8 29.Qf4  1/2-1/2

[Event "Ubeda op"]
[Site "Ubeda"]
[Date "1997.??.??"]
[Round "5"]
[White "Mikhalevski, Victor"]
[Black "Komljenovic, Davor"]
[Result "1-0"]
[WhiteElo "2535"]
[BlackElo "2460"]

1.d4 Nf6 2.c4 e6 3.Nf3 Bb4+ 4.Nbd2 b6 5.a3 Bxd2+ 6.Bxd2 Bb7 7.Bg5 h6 8.Bh4 d6
9.e3 Nbd7 10.Qc2 Qe7 11.Bd3 g5 12.Bg3 h5 13.h4 g4 14.Ng5 Bxg2 15.Rg1 Bb7
16.O-O-O O-O-O 17.b4 Kb8 18.Kb2 Ka8 19.a4 Nb8 20.a5 bxa5 21.b5 c6 22.Qa4 cxb5
23.cxb5 Rd7 24.Qxa5 Rc8 25.Ra1 Bd5 26.Ra4 Rb7 27.Ka1 Nfd7 28.e4 Bb3 29.Rb4 Rc3
30.Bb1 f6 31.Kb2 Rc8 32.e5 fxg5 33.exd6 Qf7 34.Rxb3 Nb6 35.Ka1 Qf6 36.Rd1 gxh4
37.Be4 hxg3 38.Qxb6 Nc6 39.Qxb7+ Kxb7 40.bxc6+ Ka6 41.Rd2 Qxf2 42.Rxf2 gxf2
43.Bd3+ Ka5 44.d7 Rf8 45.c7  1-0

[Event "Ubeda op"]
[Site "Ubeda"]
[Date "1997.??.??"]
[Round "9"]
[White "Mikhalevski, Victor"]
[Black "Garcia, Gildardo"]
[Result "1-0"]
[WhiteElo "2535"]
[BlackElo "2485"]

1.d4 Nf6 2.c4 e6 3.Nf3 Bb4+ 4.Nbd2 b6 5.a3 Bxd2+ 6.Qxd2 Bb7 7.g3 O-O 8.Bg2 Ne4
9.Qc2 f5 10.O-O Nf6 11.Rd1 Be4 12.Qc3 Qe8 13.Bf1 d6 14.d5 exd5 15.cxd5 Bxd5
16.Qxc7 Nc6 17.Bg5 Ne4 18.Rxd5 Rf7 19.Qxf7+ Qxf7 20.Rad1 h6 21.Bf4 Ne7 22.R5d3 d5
23.Rc1 Rc8 24.Rdd1 g5 25.Be3 Nd6 26.Rxc8+ Nexc8 27.Rc1 Qd7 28.Bd4 Ne7 29.Ne5 Qe6
30.e3 f4 31.exf4 gxf4 32.Rc7 Nef5 33.Bh3 Qe8 34.Bc3 d4 35.Ng4 Qd8 36.Rd7 Qf8
37.Bd2 f3 38.Bf4 Ne4 39.Bf1 b5 40.Bxb5 Nfd6 41.Nxh6+ Kh8 42.Be5+ Nf6 43.Rxd6 Qxh6
44.Bxf6+ Kh7 45.Rd7+ Kg6 46.Bd3+  1-0

[Event "JUG Cup (Women)"]
[Site "Ulcinj"]
[Date "1997.??.??"]
[Round "?"]
[White "Stoisavljevic, Sava"]
[Black "Relic, Rajna"]
[Result "1/2-1/2"]
[WhiteElo "2110"]
[BlackElo "2095"]

1.d4 e6 2.Nf3 Nf6 3.c4 Bb4+ 4.Nbd2 b6 5.a3 Bxd2+ 6.Bxd2 Bb7 7.Bf4 O-O 8.e3 d6
9.Be2 Nbd7 10.O-O h6 11.b4 Nh5 12.Bg3 Nxg3 13.hxg3 Qe7 14.Qb3 e5 15.dxe5 Nxe5
16.Qc3 c5 17.bxc5 bxc5 18.Rfd1 Bc6 19.Rd2 Rab8 20.Rb2  1/2-1/2